| 000 | 00657nam a2200241 a 4500 | ||
|---|---|---|---|
| 001 | 73809 | ||
| 003 | BD-RjUL | ||
| 005 | 20211209082441.0 | ||
| 008 | 170612s1956 nyua 001 0 eng d | ||
| 035 | _a(BD-RjUL)74027 | ||
| 040 |
_aDLC _cPPiC _dOCoLC _dUk _dBD-RjUL _beng |
||
| 041 | _aeng | ||
| 082 |
_a621.384133 _223 _bSWI 1956 |
||
| 100 | 1 |
_aSwiggett, Robert L. _9218548 |
|
| 245 | 0 | 0 | _aIntroduction to Printed Circuits / |
| 250 | _a[1st ed.] | ||
| 260 |
_aNew York : _bJ.F. Rider, _cc1956. |
||
| 300 |
_aix, 101 p. : _bill. ; _c22 cm. |
||
| 500 | _aIncludes Index. | ||
| 650 | 0 |
_aPrinted circuits _9218549 |
|
| 942 |
_2ddc _cBK |
||
| 999 |
_c73809 _d73809 |
||